| 000 | 00670 a2200253 4500 | ||
|---|---|---|---|
| 001 | 66936 | ||
| 650 |
_919022 _aEducation _zTurkey |
||
| 999 |
_c66936 _d36117 |
||
| 003 | TR-AnTOB | ||
| 005 | 20190701151421.0 | ||
| 008 | 110622s2007 tu 000 0 d | ||
| 040 |
_aBGZ _cBGZ |
||
| 041 | _atur | ||
| 049 | _aBGZA | ||
| 050 |
_aLA942 _b.T8754 2007 |
||
| 090 | _aLA942 .T8754 2007 | ||
| 245 | 0 | _aTürk eğitim sistemi 2007. | |
| 264 | 1 |
_aAnkara : _bM.E.B., _c2007. |
|
| 300 |
_a311 p. ; _c26 cm. |
||
| 650 |
_aTarım eğitimi _zTürkiye _940579 |
||
| 710 | 2 |
_aTurkey. _bMilli Eğitim Bakanlığı. _bStrateji Geliştirme Başkanlığı _936719 |
|
| 901 | _a0022965, 0022966 | ||
| 902 | _aMÇ | ||
| 942 | _cBK | ||